000 00646nam a2200241Ia 4500
003 OSt
005 20220927105113.0
006 a|||||r|||| 00| 0
007 ta
008 220926b |||||||| |||| 00| 0 eng d
024 _a196356
037 _cReference Collections
040 _aRTL
_cRTL
_beng
041 _2eng
_aeng
082 _a"U.43.N7, L9"
100 _aRenner John
_9370166
245 0 _aSouth Eat Asia Geography
260 _c1979
300 _a227p
_ccm.
700 _a Pegler Brian
_9370167
942 _h"U.43.N7, L9"
_cCC
999 _c690665
_d690665